Las razones de la Inquisición española : una respuesta a la leyenda negra /

Refutación de la –así calificada por el autor- "leyenda negra" de la Inquisición española, cuyo punto de partida es el examen de Los orígenes de la Inquisición en la España del siglo XV (1995), quizás el trabajo más conocido del hispanista e historiador israelí Benzion Netanyahu.

Đã lưu trong:
Chi tiết về thư mục
Tác giả chính: García Olmo, Miguel Angel (autor)
Định dạng: Sách
Ngôn ngữ:Tiếng Tây Ban Nha
Được phát hành: Córdoba, España : Almuzara, 2009, c2009
Những chủ đề:
Các nhãn: Thêm thẻ
Không có thẻ, Là người đầu tiên thẻ bản ghi này!

MARC

LEADER 00000nam^a2200000^a^4500
001 000305005
005 20250521000000.0
009 20260310112734.276
020 |a 978-84-92573-73-8 
037 |a Acervo ITESO - Biblioteca 
041 |a ESP 
082 |a 946.  |b GAR 
100 |a García Olmo, Miguel Angel  |e (autor) 
245 1 4 |a Las razones de la Inquisición española :  |b una respuesta a la leyenda negra /  |c M.A. García Olmo. 
264 4 |a Córdoba, España :  |b Almuzara,  |c 2009, c2009 
300 |a 346 p. 
336 |a texto  |b txt  |2 rdacontenido 
337 |a sin mediación  |b n  |2 rdamedio 
338 |a volumen  |b nc  |2 rdasoporte 
520 |a Refutación de la –así calificada por el autor- "leyenda negra" de la Inquisición española, cuyo punto de partida es el examen de Los orígenes de la Inquisición en la España del siglo XV (1995), quizás el trabajo más conocido del hispanista e historiador israelí Benzion Netanyahu. 
649 |a XX 
650 |a Historiadores Israelíes 
650 |a Criptojudíos en España -  |x Historia 
650 |a Judíos en España -  |x Historia 
650 |a Inquisición -  |z España -  |x Historia -  |x Tema Principal 
650 |a Tribunales Eclesiásticos -  |z España -  |x Historia 
650 |a Tribunales -  |z España -  |x Historia 
650 |a Religión y Derecho -  |z España -  |x Historia 
650 |a España -  |x Historia -  |y Fernando e Isabel, 1479-1516 
650 |a España -  |x Historia -  |y Casa de Austria, 1516-1700 
650 |a España -  |x Historia -  |y Borbones, 1700-1931 
650 |a Netanyahu, Benzion 
910 |a Fondo General 
920 |a Impresos - Libros 
930 |a Colección General 
905 |a 101 
901 |a 0500191181  |b IT1  |c ACC  |i C125412  |u 20250521 
902 |a https://opac.biblio.iteso.mx/vufind/Record/000305005